000 00513nam a2200193 a 4500
001 23474
005 20180713221539.0
008 140415s1981 mx 000 0 spa d
041 _aspa
082 _a611.0181
_bCOP
100 1 _aCOPENHAVER, WILFRED M.
245 1 0 _aTRATADO DE HISTOLOGIA
250 _a1a ed.
260 _aMEXICO :
_bNUEVA EDITORIAL INTERAMERICANA,
_c1981
300 _a779
650 1 4 _aHISTOLOGIA
700 1 _aVELA, HOMERO
_etr.
700 1 _aKELLY, DOUGLAS E.
_ecoaut.
999 _c23474
_d23474